000 01176nam a22003497a 4500
001 BR0602051
003 BR-BrBNA
005 20230928102130.0
007 ta
008 230509b bl.||||| |||| 00| 0 por d
040 _aBR-BrBNA
_bpor
_cBiblioteca Nacional de Agricultura
041 _a(Por)
072 _aF04; F06; F62
_b1930
_b3820
090 _ 1930 BR0602051
100 1 _aTeixeira, M.F.
110 1 _aUniversidade de Brasília, DF (Brasil). Faculdade de Agronomia e Medicina Veterinária
_0Tese (Mestre em Ciências Agrárias)
245 1 _aInfluência de doses de nitrogênio e de tensões hídricas na expansão foliar e na dinâmica de perfilhos de Brachiaria brizantha cv. Marandu
260 3 _aBrasília, DF (Brasil):
_c2006.
300 _a50 p.
500 _aSummaries (Eng, Por); Several bibliography; 7 tables; 9 illus.
650 _aBRACHIARIA BRIZANTHA
650 _aCAPIM BRACHIARIA
650 _aADUBAÇÃO
650 _aIRRIGAÇÃO
650 _aTAXA DE CRESCIMENTO
650 _aPRODUTIVIDADE
650 _aPERFILHAÇÃO
650 _aNITROGÊNIO
650 _aÁREA FOLIAR
909 _a202309
_bLucia
_c55
_dLucia Elande
942 _cBK
999 _c69295
_d69295